Royal charters and bye-laws, 1958; bye-laws amended 1964, 1969, 1970, royal charters amended 1968 & 1969 (Record no. 105445)

MARC details
000 -LEADER
fixed length control field 00579cam a2200169 4500
001 - CONTROL NUMBER
control field ##L133669
008 - FIXED-LENGTH DATA ELEMENTS--GENERAL INFORMATION
fixed length control field #DATE n1971 000 0 eng u
035 ## - SYSTEM CONTROL NUMBER
System control number (Sirsi) u133669
041 0# - LANGUAGE CODE
Language code of text/sound track or separate title eng
050 04 - LIBRARY OF CONGRESS CALL NUMBER
Classification number 333.0062 $2 18
110 2# - MAIN ENTRY--CORPORATE NAME
Corporate name or jurisdiction name as entry element Royal Institution of Chartered Surveyors
9 (RLIN) 4900
245 00 - TITLE STATEMENT
Title Royal charters and bye-laws, 1958; bye-laws amended 1964, 1969, 1970, royal charters amended 1968 & 1969
260 ## - PUBLICATION, DISTRIBUTION, ETC.
Place of publication, distribution, etc. London
Name of publisher, distributor, etc. RICS
Date of publication, distribution, etc. 1971
300 ## - PHYSICAL DESCRIPTION
Extent 64p.
Dimensions 22cm.
690 ## - LOCAL SUBJECT ADDED ENTRY--TOPICAL TERM (OCLC, RLIN)
Topical term or geographic name as entry element ABOUT RICS-RICS STRUCTURE AND GOVERNANCE-RICS REGULATIONS-RICS CONDUCT REGULATIONS
942 ## - ADDED ENTRY ELEMENTS (KOHA)
Suppress in OPAC 0
Holdings
Withdrawn status Lost status Source of classification or shelving scheme Damaged status Not for loan Home library Current library Shelving location Date acquired Total Checkouts Full call number Barcode Date last seen Copy number Price effective from Koha item type
    Dewey Decimal Classification     Historic collection Historic collection RICS Boxes 31/05/2006   RICS 1970/25 133669-2001 06/08/2019 1 06/08/2019 Archive